| 000 | 00588cam a22002291 4500 | ||
|---|---|---|---|
| 001 | sa 66001250 | ||
| 003 | DLC | ||
| 005 | 20260227112220.0 | ||
| 008 | 900220m19649999ii 000 0 sano | ||
| 010 | _asa 66001250 | ||
| 035 | _a(OCoLC)21098002 | ||
| 040 |
_aDLC _cWaU _dDLC |
||
| 042 | _apremarc | ||
| 050 | 0 | 0 |
_aPK551 _b.B5 |
| 100 | 1 |
_aBhatt, Ansuya Prasad, _d1935- |
|
| 245 | 1 | 0 | _aDevavāṇī-praveśikā. |
| 260 | _c[1964- | ||
| 300 |
_av. in _c19 cm. |
||
| 440 | 0 |
_aVidyabhawan Sanskrit granthamala, _v123 |
|
| 500 | _aIn Sanskrit. | ||
| 650 | 0 |
_aSanskrit language _vReaders. |
|
| 999 |
_c67664 _d67664 |
||